000 00310nam a22001337a 4500
008 170620b xxu||||| |||| 00| 0 eng d
020 _a9780393935349
041 _aeng
080 _24TH
_a32
100 _a20
101 _aSHP
245 _aESSENTIAL READINGS IN WORLD POLITICS
_cMINGST,K.A
942 _2udc
_cBK
999 _c18206
_d18206